| 000 | 00823nam a22002057a 4500 | ||
|---|---|---|---|
| 003 | 0 | ||
| 005 | 20250116172713.0 | ||
| 008 | 250116b xxu||||| |||| 00| 0 eng d | ||
| 050 |
_aBF 531 _b.V17 2024 |
||
| 100 | _aValladolid, Alexandra T. | ||
| 245 |
_aResilience and emotional stability among mothers raising a child with autism _cAlexandra T. Valladolid |
||
| 260 |
_aLas Pinas City _bSouthville International School and Colleges _c2024 |
||
| 300 |
_ax, 279 pages : _billustrations ; _c29cm. |
||
| 504 | _aIncludes bibliographical references and appendices. | ||
| 650 | _aMothers of children with autism—Psychology. | ||
| 650 | _aResilience (Personality trait)—Philippines. | ||
| 650 | _aEmotional stability—Psychological aspects. | ||
| 650 | _aAutism in children—Family relationships. | ||
| 942 |
_2lcc _cTH |
||
| 999 |
_c367003 _d367003 |
||